Sports Quiz

Random Sports or NFL Quiz
Score 0/15 Timer 04:00
0 Plays Today
Hint Answer % Correct
Passing Yards (Week 4)Drew Brees
98.1%
Passing Yards (Week 4)Matt Ryan
96.8%
Passing Yards (Week 4)Philip Rivers
95.4%
Rushing Yards (Week 4)Adrian Peterson
94.4%
Rushing Yards (Week 4)Frank Gore
91.2%
Rushing Yards (Week 4)Marshawn Lynch
88.9%
Passing Yards (Week 4)Ben Roethlisberger
88.3%
Rushing Yards (Week 4)Arian Foster
86.5%
Hint Answer % Correct
Passing Yards (Week 4)Matt Schaub
85.3%
Receiving Yards (Week 4)Victor Cruz
83.3%
Rushing Yards (Week 4)Reggie Bush
78.8%
Receiving Yards (Week 4)Torrey Smith
76.2%
Receiving Yards (Week 4)Tony Gonzalez
72.2%
Receiving Yards (Week 4)Antonio Gates
65%
Receiving Yards (Week 4)Kenbrell Thompkins
36.7%
Remove Ads.
Support Sporcle.
Get the best of Sporcle when you Go Orange. This ad-free experience offers more features, more stats, and more fun while also helping to support Sporcle. Thank you for becoming a member.

You're not logged in!

Compare scores with friends on all Sporcle quizzes.
OR
Log In

Show Comments

Extras

Top Quizzes Today


Score Distribution

Your Account Isn't Verified!

In order to create a playlist on Sporcle, you need to verify the email address you used during registration. Go to your Sporcle Settings to finish the process.

Report this User

Report this user for behavior that violates our Community Guidelines.

Details: